Sports Quiz

Random Sports or Country Quiz

West Ham ideal squad Quiz Stats

 Plays Quiz not verified by Sporcle

Also try: Fruit Close Up
Challenge
Share
Tweet
Score 0/198 Timer 10:00
0 Plays Today
Year Player % Correct
2006/2007Rob Green
81.4%
2007/2008Rob Green
81.4%
2008/2009Rob Green
81.4%
2009/2010Rob Green
81.4%
2010/2011Rob Green
81.4%
2011/2012Rob Green
81.4%
2012/2013James Collins
81.4%
2013/2014James Collins
81.4%
2014/2015James Collins
81.4%
2000/2001Joe Cole
79.1%
2001/2002Joe Cole
79.1%
2002/2003Joe Cole
79.1%
2003/2004Joe Cole
79.1%
2007/2008Mark Noble
79.1%
2007/2008Carlton Cole
79.1%
2008/2009Mark Noble
79.1%
2008/2009Carlton Cole
79.1%
2009/2010Carlton Cole
79.1%
2010/2011Mark Noble
79.1%
2010/2011Carlton Cole
79.1%
2011/2012Mark Noble
79.1%
2011/2012Carlton Cole
79.1%
2012/2013Mark Noble
79.1%
2013/2014Adrián
79.1%
2013/2014Mark Noble
79.1%
2013/2014Carlton Cole
79.1%
2014/2015Adrián
79.1%
2014/2015Mark Noble
79.1%
2015/2016Adrián
79.1%
2015/2016Mark Noble
79.1%
2016/2017Mark Noble
79.1%
2014/2015Cheikhou Kouyaté
76.7%
2015/2016Dimitrti Payet
76.7%
2015/2016Cheikhou Kouyaté
76.7%
2016/2017Cheikhou Kouyaté
76.7%
1999/2000Shaka Hislop
74.4%
2000/2001Shaka Hislop
74.4%
2004/2005Anton Ferdinand
74.4%
1999/2000Rio Ferdinand
74.4%
2005/2006Shaka Hislop
74.4%
2005/2006Anton Ferdinand
74.4%
2006/2007Anton Ferdinand
74.4%
2011/2012Winston Reid
74.4%
2012/2013Andy Carroll
74.4%
2014/2015Aaron Cresswell
74.4%
2014/2015Winston Reid
74.4%
2015/2016Aaron Cresswell
74.4%
2015/2016Andy Carroll
74.4%
2016/2017Darren Randolph
74.4%
2016/2017Aaron Cresswell
74.4%
2016/2017Winston Reid
74.4%
2016/2017Andy Carroll
74.4%
2011/2012Kevin Nolan
72.1%
2012/2013Kevin Nolan
72.1%
2013/2014Kevin Nolan
72.1%
2014/2015Kevin Nolan
72.1%
2015/2016Angelo Ogbonna
72.1%
2016/2017Angelo Ogbonna
72.1%
2003/2004David James
69.8%
2001/2002David James
69.8%
2002/2003David James
69.8%
2016/2017Manuel Lanzini
69.8%
2011/2012Ricardo Vaz Té
67.4%
2012/2013Ricardo Vaz Té
67.4%
2015/2016Pedro Obiang
67.4%
2000/2001Paolo di Canio
65.1%
Year Player % Correct
2000/2001Michael Carrick
65.1%
2003/2004Michael Carrick
65.1%
2003/2004Paolo di Canio
65.1%
2001/2002Michael Carrick
65.1%
1999/2000Paolo di Canio
65.1%
2002/2003Paolo di Canio
65.1%
2002/2003Michael Carrick
65.1%
2000/2001Frank Lampard
62.8%
1999/2000Frank Lampard
62.8%
2012/2013Winston Reid
62.8%
2003/2004Jermaine Defoe
60.5%
2002/2003Jermaine Defoe
60.5%
2001/2002Jermaine Defoe
60.5%
2015/2016Michail Antonio
60.5%
2016/2017Michail Antonio
60.5%
2004/2005Marlon Harewood
58.1%
2005/2006Marlon Harewood
58.1%
2006/2007Marlon Harewood
58.1%
2010/2011James Tomkins
58.1%
2011/2012James Tomkins
58.1%
2013/2014James Tomkins
58.1%
2015/2016James Tomkins
58.1%
2000/2001Frédéric Kanouté
55.8%
2001/2002Frédéric Kanouté
55.8%
2004/2005Bobby Zamora
55.8%
2005/2006Bobby Zamora
55.8%
2006/2007Bobby Zamora
55.8%
2007/2008Matthew Upson
55.8%
2008/2009Matthew Upson
55.8%
2009/2010Matthew Upson
55.8%
2010/2011Matthew Upson
55.8%
2008/2009Scott Parker
53.5%
2009/2010Scott Parker
53.5%
2010/2011Scott Parker
53.5%
1999/2000Trevor Sinclair
51.2%
2000/2001Steve Lomas
51.2%
2003/2004Steve Lomas
51.2%
2001/2002Steve Lomas
51.2%
2001/2002Trevor Sinclair
51.2%
1999/2000Steve Lomas
51.2%
2002/2003Steve Lomas
51.2%
2000/2001Trevor Sinclair
51.2%
2004/2005Matthew Etherington
51.2%
2002/2003Trevor Sinclair
51.2%
2003/2004Trevor Sinclair
51.2%
2005/2006Matthew Etherington
51.2%
2006/2007Matthew Etherington
51.2%
2007/2008Dean Ashton
51.2%
2012/2013Matt Jarvis
51.2%
2013/2014Matt Jarvis
51.2%
2000/2001Stuart Pearce
48.8%
2002/2003Ian Pearce
48.8%
2003/2004Ian Pearce
48.8%
2014/2015Enner Valencia
48.8%
2016/2017Sam Byram
48.8%
2004/2005Nigel Reo-Coker
46.5%
2005/2006Danny Gabbidon
46.5%
2005/2006Nigel Reo-Coker
46.5%
2006/2007Nigel Reo-Coker
46.5%
2007/2008Lucas Neill
46.5%
2008/2009Lucas Neill
46.5%
2012/2013Jussi Jääskeläinen
44.2%
2000/2001Rigoberto Song
41.9%
2007/2008George McCartney
41.9%
2011/2012George McCartney
41.9%
2013/2014George McCartney
41.9%
Year Player % Correct
2001/2002Tomáš Řepka
39.5%
2004/2005Tomáš Řepka
39.5%
2002/2003Tomáš Řepka
39.5%
2003/2004Tomáš Řepka
39.5%
2006/2007Danny Gabbidon
39.5%
2013/2014Stewart Downing
39.5%
2014/2015Stewart Downing
39.5%
2004/2005Stephen Bywater
37.2%
2005/2006Paul Konchesky
37.2%
2005/2006Yossi Benayoun
37.2%
2006/2007Paul Konchesky
37.2%
2006/2007Yossi Benayoun
37.2%
2014/2015Carl Jenkinson
37.2%
2016/2017André Ayew
37.2%
2001/2002Christian Dailly
34.9%
2002/2003Christian Dailly
34.9%
2004/2005Hayden Mullins
34.9%
2003/2004Christian Dailly
34.9%
2005/2006Christian Dailly
34.9%
2005/2006Hayden Mullins
34.9%
2006/2007Hayden Mullins
34.9%
2007/2008Hayden Mullins
34.9%
2011/2012Joey O'Brien
34.9%
2012/2013Joey O'Brien
34.9%
1999/2000Paulo Wanchope
32.6%
2007/2008Luís Boa Morte
32.6%
2008/2009Luís Boa Morte
32.6%
2008/2009Craig Bellamy
32.6%
2009/2010Jack Collison
32.6%
2010/2011Luís Boa Morte
32.6%
2008/2009Hérita Ilunga
30.2%
2009/2010Hérita Ilunga
30.2%
2010/2011Frédéric Piquionne
30.2%
2012/2013Guy Demel
30.2%
2013/2014Guy Demel
30.2%
2001/2002Nigel Winterburn
27.9%
2003/2004Nigel Winterburn
27.9%
2001/2002Sébastien Schemmel
27.9%
2002/2003Nigel Winterburn
27.9%
2007/2008Freddie Ljungberg
27.9%
2009/2010Julien Faubert
27.9%
2011/2012Matthew Taylor
27.9%
2006/2007Jonathan Spector
23.3%
2007/2008Jonathan Spector
23.3%
2008/2009Jonathan Spector
23.3%
2009/2010Jonathan Spector
23.3%
2004/2005Carl Fletcher
20.9%
2009/2010Alessandro Diamanti
20.9%
1999/2000Igor Stimac
18.6%
2000/2001Igor Stimac
18.6%
2009/2010Junior Stanislas
18.6%
2010/2011Lars Jacobsen
18.6%
2010/2011Victor Obinna
18.6%
1999/2000Marc Keller
16.3%
1999/2000Javier Margas
14%
2009/2010Radoslav Kováč
14%
2012/2013Modibo Maïga
14%
1999/2000Scott Minto
11.6%
2015/2016Victor Moses
11.6%
2011/2012Sam Baldock
9.3%
2004/2005Luke Chadwick
7%
2010/2011Wayne Bridge
7%
2014/2015Morgan Amalfitano
4.7%
2004/2005Chris Powell
2.3%
2008/2009David di Michele
2.3%
2013/2014Mohamed Diamé
0%

You're not logged in!

Compare scores with friends on all Sporcle quizzes.
OR
Log In

You Might Also Like...

Show Comments

Extras

Top Quizzes Today


Score Distribution

Your Account Isn't Verified!

In order to create a playlist on Sporcle, you need to verify the email address you used during registration. Go to your Sporcle Settings to finish the process.

Report this User

Report this user for behavior that violates our Community Guidelines.

Details: